[Event "St Petersburg Korchnoi Memorial op"]
[Site "St Petersburg"]
[Date "2019.08.14"]
[Round "1"]
[White "Savinov, Leonid"]
[Black "Skrobat, Dmitriy"]
[Result "1-0"]
[WhiteElo "2106"]
[BlackElo "1423"]
[PlyCount "51"]
[EventDate "2019.08.14"]
[EventType "swiss"]
[EventRounds "9"]
[EventCountry "RUS"]
[SourceTitle "CBM 192"]
[Source "ChessBase"]
[SourceDate "2019.10.31"]
[SourceVersion "1"]
[SourceVersionDate "2019.10.31"]
[SourceQuality "1"]

1. d4 Nf6 2. Nf3 g6 3. Bf4 Bg7 4. e3 d5 5. h3 0-0 6. Be2 c5 7. c3 Nc6 8. 0-0 Nd7 9. Nbd2 e5 10. dxe5 Ndxe5 11. Nxe5 Nxe5 12. Nf3 Re8 13. Bxe5 Bxe5 14. Nxe5 Rxe5 15. Bf3 b5 16. b4 Rg5 17. Kh1 Bb7 18. bxc5 Rc8 19. Qd4 Qe7 20. a4 a6 21. axb5 axb5 22. Ra7 Rxc5 23. Rxb7 Qf8 24. Rb8 Rc8 25. Rxc8 Qxc8 26. h4 1-0